जगावेगळे जग (Record no. 179848)

MARC details
000 -LEADER
fixed length control field 00403nam a2200145Ia 4500
008 - FIXED-LENGTH DATA ELEMENTS--GENERAL INFORMATION
fixed length control field 090124s9999 xx 000 0 und d
082 ## - DEWEY DECIMAL CLASSIFICATION NUMBER
Item number 133613
Classification number 102396
245 ## - TITLE STATEMENT
Title जगावेगळे जग
250 ## - EDITION STATEMENT
Edition statement 1
260 ## - PUBLICATION, DISTRIBUTION, ETC. (IMPRINT)
Name of publisher, distributor, etc नाईक गुरुनाथ
Date of publication, distribution, etc 2005
300 ## - PHYSICAL DESCRIPTION
Extent 96
630 ## - SUBJECT ADDED ENTRY--UNIFORM TITLE
Uniform title जगावेगळे जग
730 ## - ADDED ENTRY--UNIFORM TITLE
Uniform title जगावेगळे जग
942 ## - ADDED ENTRY ELEMENTS (KOHA)
Koha item type Book
Holdings
Withdrawn status Lost status Damaged status Not for loan Home library Current library Date acquired Cost, normal purchase price Total Checkouts Full call number Barcode Date last seen Cost, replacement price Price effective from Koha item type
        Marathi Granth Sangrahalaya,Thane Marathi Granth Sangrahalaya,Thane   90.00   133613 THNMGS-133613 01/24/2009 90.00 01/24/2009 Book